|
|
|
|
| LEADER |
00000nab a2200000 a 4500 |
| 001 |
vtls009527875 |
| 003 |
SK-MaSNL |
| 005 |
20260426084759.0 |
| 008 |
250506 2008 xo || |||| ||slo |
| 015 |
|
|
|a SNBRB2009/06
|2 snkbucl
|
| 035 |
|
|
|a (sysno)vtls009527875
|
| 035 |
|
|
|a urn:nbn:sk:snk-ab7db3
|
| 035 |
|
|
|a (uuid)a48c7637-1166-432a-9631-d5f30eb2521f
|
| 035 |
|
|
|a (urnnbn)urn:nbn:sk:snk:ar-a07ogk
|
| 038 |
|
|
|a SNKBUCL
|
| 040 |
|
|
|a SNKBUCL
|b slo
|c SNKBUCL
|e AACR2
|
| 041 |
0 |
|
|a eng
|b eng
|
| 044 |
|
|
|a xo
|c SK
|
| 080 |
|
|
|a 595.76:591.9
|x (437.6)
|2 2001
|
| 080 |
|
|
|a 591.9
|x (437.6)
|2 2001
|
| 100 |
1 |
|
|a Nakládal, Oto
|4 aut
|9 1473123
|
| 245 |
1 |
0 |
|a First records of some feather-wing beetles (Coleoptera : Ptiliidae) from Slovakia
|c Oto Nakládal, Mikael Sörensson, Marion Mantič
|
| 504 |
|
|
|a Bibliogr. odkazy
|
| 546 |
|
|
|a Res. angl.
|
| 650 |
0 |
7 |
|a Ptiliidae
|2 snkbucl
|9 1473124
|
| 650 |
0 |
7 |
|a faunistika
|2 snkbucl
|9 107464
|
| 651 |
|
7 |
|a Slovensko
|2 snkbucl
|9 14231
|
| 700 |
1 |
|
|a Sörensson, Mikael
|4 aut
|9 1473125
|
| 700 |
1 |
|
|a Mantič, Marion
|4 aut
|9 1473126
|
| 773 |
0 |
|
|t Entomofauna carpathica
|g Roč. 20, č. 1-2 (2008), s. 6-8
|x 1335-1214
|
| 850 |
|
|
|a Slovenská národná knižnica
|
| 852 |
|
|
|a Slovenská národná knižnica
|
| 958 |
|
|
|a article27
|
| 958 |
|
|
|a SK
|
| 958 |
|
|
|a NB
|
| 958 |
|
|
|a OND
|
| 958 |
|
|
|a EUIPO
|
| 999 |
|
|
|c 2944827
|d 2946757
|